000 00555nam a2200229Ia 4500
003 OSt
005 20220928145718.0
006 a|||||r|||| 00| 0
007 ta
008 220927b |||||||| |||| 00| 0 hin d
024 _a82372
037 _cTextual
040 _aSDCL
_cSDCL
_bhin
041 _2hin
_ahin
082 _aXv, K8
100 _aJoshi J M
_9489123
245 0 _aArthshastre ke siddhant.
260 _c1968
700 _a Singh R N
_9497209
942 _hXv, K8
_cTEXL
_2CC
999 _c835094
_d835094